| 000 | 00497pab a2200169 454500 | ||
|---|---|---|---|
| 008 | 180718b2004 xxu||||| |||| 00| 0 eng d | ||
| 100 | _aMukwena, Royson M. | ||
| 245 | _aThe role of decentralization in reducing regional inequalities in Namibia | ||
| 260 | _c2004 | ||
| 300 | _ap.108-25. | ||
| 362 | _aSpring | ||
| 650 | _aDecentralization - Namibia | ||
| 650 | _aRegional disparities - Namibia | ||
| 650 | _aRegional disparities | ||
| 773 | _aRegional Development Dialogue | ||
| 909 | _a63470 | ||
| 999 |
_c63470 _d63470 |
||